ROBOTS / (Record no. 180432)
[ view plain ]
| 000 -LEADER | |
|---|---|
| fixed length control field | 01321nam a2200361 i 4500 |
| 003 - CONTROL NUMBER IDENTIFIER | |
| control field | OSt |
| 005 - DATE AND TIME OF LATEST TRANSACTION | |
| control field | 20201209084643.0 |
| 008 - FIXED-LENGTH DATA ELEMENTS--GENERAL INFORMATION | |
| fixed length control field | 201208t20202020mnuao cr 001 0 eng d |
| 020 ## - INTERNATIONAL STANDARD BOOK NUMBER | |
| International Standard Book Number | 9781628328011 |
| Terms of availability | RM77.90 |
| Qualifying information | paperback |
| 040 ## - CATALOGING SOURCE | |
| Original cataloging agency | PPAK |
| Language of cataloging | eng |
| Transcribing agency | PPAK |
| Description conventions | rda |
| 082 04 - DEWEY DECIMAL CLASSIFICATION NUMBER | |
| Edition number | 23 |
| Classification number | 629.892 |
| 090 00 - LOCALLY ASSIGNED LC-TYPE CALL NUMBER (OCLC); LOCAL CALL NUMBER (RLIN) | |
| Classification number (OCLC) (R) ; Classification number, CALL (RLIN) (NR) | 629.892 |
| Feature heading | WHI |
| Feature heading | K |
| 100 1# - MAIN ENTRY--PERSONAL NAME | |
| Personal name | Whiting, Jim, |
| Relator term | author. |
| Dates associated with a name | 1943- |
| 245 10 - TITLE STATEMENT | |
| Title | ROBOTS / |
| Statement of responsibility, etc. | JIM WHITING |
| 250 ## - EDITION STATEMENT | |
| Edition statement | First edition |
| 264 #1 - PRODUCTION, PUBLICATION, DISTRIBUTION, MANUFACTURE, AND COPYRIGHT NOTICE | |
| Place of production, publication, distribution, manufacture | Mankato, Minnesota : |
| Name of producer, publisher, distributor, manufacturer | Creative Education and Creative Paperbacks, |
| Date of production, publication, distribution, manufacture, or copyright notice | [2020] |
| Date of production, publication, distribution, manufacture, or copyright notice | ©2020 |
| 300 ## - PHYSICAL DESCRIPTION | |
| Extent | 80 pages : |
| Other physical details | colour photographs ; |
| Dimensions | 23 cm |
| 336 ## - CONTENT TYPE | |
| Source | rdacontent |
| Content type term | text |
| 337 ## - MEDIA TYPE | |
| Source | rdamedia |
| Media type term | unmediated |
| 338 ## - CARRIER TYPE | |
| Source | rdacarrier |
| Carrier type term | volume |
| 490 1# - SERIES STATEMENT | |
| Series statement | ODSSEYS IN TECHNOLOGY |
| 504 ## - BIBLIOGRAPHY, ETC. NOTE | |
| Bibliography, etc. note | Includes bibliographical references and index |
| 520 ## - SUMMARY, ETC. | |
| Summary, etc. | "An in-depth survey of robots, examining the past, present, and future of the technological developments, scientific principles, and innovators behind robotic technology." -- Booktopia. |
| 650 ## - SUBJECT ADDED ENTRY--TOPICAL TERM | |
| Topical term or geographic name entry element | Robots |
| Form subdivision | Juvenile literature |
| Topical term or geographic name entry element | Robots |
| Form subdivision | History |
| -- | Juvenile literature |
| Topical term or geographic name entry element | Robotics |
| Form subdivision | Juvenile literature |
| Topical term or geographic name entry element | Robotics |
| 655 7# - INDEX TERM--GENRE/FORM | |
| Genre/form data or focus term | Young adult literature |
| Genre/form data or focus term | Instructional and educational works |
| 830 #0 - SERIES ADDED ENTRY--UNIFORM TITLE | |
| Uniform title | Odysseys in technology |
| 942 ## - ADDED ENTRY ELEMENTS (KOHA) | |
| Source of classification or shelving scheme | Dewey Decimal Classification |
| Koha item type | Book |
| Withdrawn | Not for loan | Current library | Shelving location | Date acquired | Full call number | Barcode | Date last seen | Koha item type | Total Checkouts | Total Renewals | Date last checked out | Checked out |
|---|---|---|---|---|---|---|---|---|---|---|---|---|
| Perpustakaan Alor Setar | Pinjaman Kanak-kanak | 29/12/2020 | K 629.892 WHI | A01664673 | 29/12/2020 | Book | ||||||
| Perpustakaan Awam Sungai Petani | Pinjaman Kanak-kanak | 29/12/2020 | K 629.892 WHI | A01664674 | 29/06/2022 | Book | 1 | 1 | 18/05/2022 | |||
| Perpustakaan Baling | Pinjaman Kanak-kanak | 29/12/2020 | K 629.892 WHI | A01664676 | 29/12/2020 | Book | ||||||
| Perpustakaan Bandar Baharu | Pinjaman Kanak-kanak | 29/12/2020 | K 629.892 WHI | A01664677 | 29/12/2020 | Book | ||||||
| Perpustakaan Kulim | Pinjaman Kanak-kanak | 29/12/2020 | K 629.892 WHI | A01664675 | 15/05/2023 | Book | 1 | 1 | 15/05/2023 | 14/08/2023 |